The impact of rural credit on living standard of people in chbarmon and samraong tong districts in kompong speu province prasac II credt association,(ឥទ្ធិពលឥណទានជនបទទៅលើជីវភាពប្រជាជននៅក្នុងស្រុកច្បារមន និងស្រុកសំរោង ខេត្តកំពង់ស្ពឺរបស់សមាគមឥណទានII) (Record no. 573)

000 -LEADER
fixed length control field 00787nam a22001577a 4500
003 - CONTROL NUMBER IDENTIFIER
control field OSt
005 - DATE AND TIME OF LATEST TRANSACTION
control field 20150916120134.0
008 - FIXED-LENGTH DATA ELEMENTS--GENERAL INFORMATION
fixed length control field 150916b xxu||||| |||| 00| 0 eng d
040 ## - CATALOGING SOURCE
Transcribing agency RUA
082 ## - DEWEY DECIMAL CLASSIFICATION NUMBER
Classification number AGR SIM 2003 B029 Or.1
100 ## - MAIN ENTRY--PERSONAL NAME
9 (RLIN) 595
Personal name SIM VIRAK
245 ## - TITLE STATEMENT
Title The impact of rural credit on living standard of people in chbarmon and samraong tong districts in kompong speu province prasac II credt association,(ឥទ្ធិពលឥណទានជនបទទៅលើជីវភាពប្រជាជននៅក្នុងស្រុកច្បារមន និងស្រុកសំរោង ខេត្តកំពង់ស្ពឺរបស់សមាគមឥណទានII)
260 ## - PUBLICATION, DISTRIBUTION, ETC. (IMPRINT)
Place of publication, distribution, etc. phnom penh
Name of publisher, distributor, etc. RUA
Date of publication, distribution, etc. 2003
300 ## - PHYSICAL DESCRIPTION
Extent 43p.
Dimensions ill.
Size of unit 29cm.
942 ## - ADDED ENTRY ELEMENTS (KOHA)
Source of classification or shelving scheme
Koha item type AGR
Holdings
Price effective from Date last seen Permanent Location Not for loan Date acquired Date last checked out Source of classification or shelving scheme Total Checkouts Koha item type Barcode Lost status Damaged status Withdrawn status Current Location Full call number
2015-09-162015-09-16Library Block B 2015-09-16   AGRRUA001486   Library Block BAGR SIM 2003 B029 Or.1
2015-09-162021-12-13Library Block B 2015-09-162021-12-01 1AGRRUA001558   Library Block BAGR SIM 2003 B029 Or.2
2016-06-152016-06-15Library Block B 2016-06-15   AGRRUA057083   Library Block BAGR SIM 2003 B029 Or.3
មជ្ឈមណ្ឌលឯការនៃសាកលវិទ្យាល័យភូមិន្ទកសិកម្មចំការដូង

Powered by Koha